Statistics for Name all brazilian F1 drivers in history

Click here to take the quiz!

General Stats

  • This quiz has been taken 49 times
  • The average score is 10 of 32

Answer Stats

HintAnswer% Correct
2002, 2004-17Felipe Massa
86%
1984-94Ayrton Senna
81%
1993-2011Rubens Barrichello
81%
1978-91Nelson Piquet
77%
1970-80Emerson Fittipaldi
74%
2010-12Bruno Senna
70%
2008-09Nelson Piquet Jr.
70%
1972-1977José Carlos Pace
51%
2020Pietro Fittipaldi
49%
2015-16Felipe Nasr
47%
1992-94Christian Fittipaldi
37%
1995-2000Pedro Paulo Diniz
37%
1999-2001, 2004-05Ricardo Zonta
26%
1972-73, 1975Wilson Fittipaldi
26%
2001-02Enrique Bernoldi
23%
2000-01Luciano Burti
23%
1982,1987,1989-92, 1995Roberto Moreno
23%
2003-04Cristiano da Matta
21%
2010Lucas di Grassi
21%
1988-92Maurício Gugelmin
21%
2003-05Antônio Pizzonia
19%
1981-83Chico Serra
19%
1976-77Ingo Hoffmann
14%
1996-98RIcardo Rosset
14%
1976-77, 1979Alex Ribeiro
7%
1951-1953, 56Chico Landi
7%
1982-83Raul Boesel
7%
1996-97, 2001Tarso Marques
7%
1955-56Hermano da Silva Ramos
5%
1973Luiz Bueno
5%
1952Gino Bianco
2%
1959Fritz d'Oret
0%

Score Distribution

Percentile by Number Answered

Percent of People with Each Score

Your Score History

You have not taken this quiz